| 000 | 01675nam a2200313 a 4500 | ||
|---|---|---|---|
| 003 | DO-SdBNP | ||
| 005 | 20240318114956.0 | ||
| 007 | ta | ||
| 008 | 220506e1983 dr ad||fr|||| 001 0 spa d | ||
| 040 |
_aDO-SdBNP _bspa _cBNPHU |
||
| 082 | 4 |
_222 _bR1731p |
|
| 100 | 1 |
_97129 _aRamírez, Nelson |
|
| 245 | 1 | 0 |
_aPoblación y mano de obra en la República Dominicana : _bperspectivas de la fuerza de trabajo y del empleo-desempleo en el período 1980-1990 / _cNelson Ramírez, Antonio Tatis, Diana Germán; Editor, Denis Mota alvarez |
| 260 |
_aSanto Domingo : _bPROFAMILIA, _c1983 |
||
| 300 |
_ax, 104 p. : _bil., gráf. _c28 cm. |
||
| 500 | _aIncluye bibliografía y notas al pié de páginas. | ||
| 504 | _aBibliografía: p. 35- 36 | ||
| 505 | 0 |
_aIntroducción.-- _tI. Descripción de las principales características de la fuerza de trabajo en el período 1960 - 1980.-- _tII. Proyección de la oferta de mano de obra, 1980 - 1990.-- _tIII. Proyección de la demanda de mano de obra, 1980- 1990.-- _tIV. Conclusión: implicaciones de los requerimientos y disponibilidades proyectados de mano de obra.-- _tBibliografía.-- _tAnexo. Tablas y Gráficos. |
|
| 590 | _aInventariado 2022 / MF | ||
| 650 | 4 |
_938792 _aRepública Dominicana _xProyección de población |
|
| 650 | 4 |
_920484 _aCrecimiento de Empleo _zRepública Dominicana |
|
| 650 | 4 |
_977120 _aMano de Obra _xProyecciones _zRepública Dominicana |
|
| 650 | 4 |
_949076 _aOferta y demanda _vMano de obra _y1980- 1990 |
|
| 700 | 1 |
_99667 _aTatis, Antonio |
|
| 700 | 1 |
_aGermán, Diana _981561 |
|
| 710 | 2 |
_aInstituto de Estudios de Población y Desarrollo (República Dominicana) _970393 |
|
| 910 | _aMFeliz | ||
| 942 |
_2ddc _cLBS1 |
||
| 999 |
_c51653 _d51653 |
||